Quizzes
Events
Quiz Creation
Community
Videos
Private Events
Remove Ads
Sign In
Join for FREE
Feedback
Dark Mode
Quiz Categories
Sports
Geography
Music
Movies
Television
Just For Fun
Miscellaneous
History
Literature
Language
Science
Gaming
Entertainment
Religion
Holiday
For Kids
Quiz Lab
Recent
Popular Today
Quiz Kudos Today
Editor Picks
Curator Picks
Quizzes by...
Day
Popularity
Type
Ratings
Length
Year
Community
Subscriptions
Recent Discussions
Orange Saloon
Badges
Playlists
Quests
Create
Leaderboards
Showdown
Live 5
Trivia Bingo
Activity
Puzzle Library
Sporcle Events
Private Events
Virtual Trivia
Globe League
Become a Host
Pub Owners
SporcleCon
Opinionation
Our Games
Videos
Blog
Mobile Apps
Partnerships
Remove Ads and Go Orange
Feedback
Sports
Athletes
MLB
NBA
NHL
NFL
Soccer
Sports Teams
WWE
NCAA
Football
Premier League
Basketball
Baseball
Hockey
Golf
Tennis
Cricket
Rugby
Auto Racing
Olympics
World Cup
Sports
Athletes
MLB
NBA
NHL
NFL
Soccer
Sports Teams
WWE
NCAA
Football
Premier League
Basketball
Baseball
Hockey
Golf
Tennis
Cricket
Rugby
Auto Racing
Olympics
World Cup
Random Quiz
Search Sporcle
×
Quiz Lab
Quiz Lab
Sports
NBA
Type in answers that appear in a list
Type in answers that appear in a list
Classic
Best Score? Go Orange.
NBA Finals Leaders by Year Stats
Can you name the NBA Finals Leaders since 1960?
By
applesauceable
10m
189 Questions
4,075 Plays
4,075 Plays
4,075 Plays
Comments
Comments
Give Quiz Kudos
Give Quiz Kudos
-
- Ratings
hide this ad
More Info
Replay
Link that replays current quiz
Next Quiz
Link to next quiz in quiz playlist
You Got
0%
They Got
Avg Score
79%
Avg Friend Score
Upgrade to see
Score Distribution
Jump to the score distribution portion of the page
Score
0/189
Timer
10:00
0
Plays Today
Stat
Player
% Correct
Rebounds
Lebron James
99.5%
Assists
Lebron James
99.5%
Assists
Lebron James
99.5%
Assists
Lebron James
99.5%
Points
Lebron James
99.5%
Points
Lebron James
99.5%
Assists
Lebron James
99.5%
Points
Lebron James
99.5%
Rebounds
Lebron James
99.5%
Assists
Lebron James
99.5%
Points
Lebron James
99.5%
Rebounds
Lebron James
99.5%
Assists
Lebron James
99.5%
Points
Lebron James
99.5%
Assists
Lebron James
99.5%
Rebounds
Lebron James
99.5%
Assists
Lebron James
99.5%
Points
Stephen Curry
99.4%
Points
Stephen Curry
99.3%
Points
Lebron James
99.3%
Rebounds
Lebron James
99.3%
Points
Kevin Durant
98.8%
Points
Kevin Durant
98.6%
Points
Kobe Bryant
98.2%
Points
Kobe Bryant
98.2%
Points
Kobe Bryant
98.2%
Assists
Kobe Bryant
98.2%
Points
Dwyane Wade
98%
Points
Dwyane Wade
98%
Points
Tim Duncan
98%
Points
Tim Duncan
98%
Points
Tim Duncan
98%
Rebounds
Tim Duncan
98%
Rebounds
Tim Duncan
98%
Rebounds
Tim Duncan
98%
Rebounds
Tim Duncan
98%
Rebounds
Tim Duncan
97.8%
Rebounds
Tim Duncan
97.8%
Points
Shaquille O'Neal
97.7%
Points
Shaquille O'Neal
97.7%
Points
Shaquille O'Neal
97.7%
Rebounds
Shaquille O'Neal
97.7%
Rebounds
Shaquille O'Neal
97.7%
Rebounds
Shaquille O'Neal
97.7%
Rebounds
Shaquille O'Neal
97.7%
Points
Michael Jordan
97.6%
Points
Michael Jordan
97.6%
Points
Michael Jordan
97.6%
Points
Michael Jordan
97.6%
Points
Michael Jordan
97.6%
Points
Michael Jordan
97.6%
Points
Giannis Antetokounmpo
97.4%
Rebounds
Giannis Antetokounmpo
97.4%
Points
Tony Parker
97%
Points
Magic Johnson
95.8%
Rebounds
Magic Johnson
95.8%
Assists
Magic Johnson
95.8%
Assists
Magic Johnson
95.8%
Assists
Magic Johnson
95.8%
Assists
Magic Johnson
95.8%
Assists
Magic Johnson
95.8%
Assists
Magic Johnson
95.8%
Points
Allen Iverson
95.8%
Stat
Player
% Correct
Rebounds
Draymond Green
95.7%
Assists
Draymond Green
95.7%
Assists
Avery Johnson
95.3%
Assists
John Johnson
95.1%
Points
Hakeem Olajuwon
94.9%
Points
Hakeem Olajuwon
94.9%
Rebounds
Hakeem Olajuwon
94.9%
Points
Larry Bird
94.6%
Rebounds
Larry Bird
94.6%
Rebounds
Larry Bird
94.6%
Assists
Larry Bird
94.6%
Assists
Larry Bird
94.6%
Points
Isiah Thomas
94.1%
Assists
Isiah Thomas
94.1%
Points
Kareem Abdul-Jabbar
93.8%
Points
Kareem Abdul-Jabbar
93.8%
Points
Lew Alcindor
93.8%
Rebounds
Kareem Abdul-Jabbar
93.8%
Rebounds
Karl Malone
93.6%
Rebounds
Karl Malone
93.6%
Points
Moses Malone
93.6%
Points
Moses Malone
93.6%
Rebounds
Moses Malone
93.6%
Rebounds
Moses Malone
93.6%
Rebounds
Dirk Nowitzki
92.8%
Rebounds
Dirk Nowitzki
92.8%
Assists
Jayson Tatum
92.4%
Rebounds
Kevin Garnett
91.8%
Points
Wilt Chamberlain
91%
Rebounds
Wilt Chamberlain
91%
Rebounds
Wilt Chamberlain
91%
Rebounds
Wilt Chamberlain
91%
Rebounds
Wilt Chamberlain
91%
Rebounds
Wilt Chamberlain
91%
Assists
Wilt Chamberlain
91%
Rebounds
Dwight Howard
90.9%
Rebounds
Wilt Chamberlain
90.9%
Assists
Jimmy Butler
90.7%
Assists
Jrue Holiday
90.2%
Rebounds
Kevin Love
90.1%
Rebounds
Dennis Rodman
90.1%
Rebounds
Dennis Rodman
90.1%
Rebounds
Bill Russell
89.3%
Rebounds
Bill Russell
89.3%
Rebounds
Bill Russell
89.3%
Rebounds
Bill Russell
89.3%
Rebounds
Bill Russell
89.3%
Rebounds
Bill Russell
89.3%
Rebounds
Bill Russell
89.3%
Points
Jerry West
89.2%
Points
Jerry West
89.2%
Points
Jerry West
89.2%
Points
Jerry West
89.2%
Points
Jerry West
89.2%
Assists
Jerry West
89.2%
Assists
Jerry West
89.2%
Assists
Jerry West
89.2%
Assists
Rajon Rondo
89.1%
Assists
Rajon Rondo
89.1%
Assists
John Stockton
88.5%
Assists
John Stockton
88.5%
Rebounds
Patrick Ewing
88.3%
Rebounds
Pau Gasol
88.3%
Stat
Player
% Correct
Assists
Jason Kidd
88.2%
Assists
Jason Kidd
88.2%
Rebounds
Ben Wallace
87.7%
Rebounds
Scottie Pippen
86.6%
Assists
Scottie Pippen
86.6%
Assists
Scottie Pippen
86.6%
Assists
Chauncey Billups
86.1%
Assists
Chauncey Billups
86.1%
Points
Kevin McHale
84.5%
Points
Kevin McHale
84.5%
Rebounds
Kevin McHale
84.5%
Points
Julius Erving
84.3%
Rebounds
Charles Barkley
84.1%
Points
James Worthy
83%
Assists
Gary Payton
81.6%
Points
Joe Dumars
79.7%
Assists
Bob Cousy
77.2%
Assists
Bob Cousy
77.2%
Assists
Bob Cousy
77.2%
Assists
Bob Cousy
77.2%
Assists
Penny Hardaway
76.2%
Points
Elgin Baylor
76%
Points
Elgin Baylor
76%
Rebounds
Andrew Wiggins
74.4%
Assists
Oscar Robertson
71.1%
Assists
Oscar Robertson
71.1%
Rebounds
Bill Walton
71.1%
Assists
Bill Walton
71.1%
Points
Bob Pettit
70.6%
Rebounds
Bill Laimbeer
69.4%
Rebounds
Bill Laimbeer
69.4%
Points
Rick Barry
66.2%
Points
Rick Barry
66.2%
Assists
John Havlicek
66.1%
Rebounds
Wes Unseld
64.7%
Rebounds
Wes Unseld
64.7%
Assists
Jason Williams
61.9%
Points
Gus Williams
61.8%
Assists
K.C. Jones
61.6%
Assists
K.C. Jones
61.6%
Points
Elvin Hayes
61%
Assists
Walt Frazier
59.6%
Assists
Walt Frazier
59.6%
Assists
Mark Jackson
55.3%
Rebounds
Dave Cowens
50.8%
Rebounds
Dave Cowens
50.8%
Points
Gail Goodrich
46.3%
Points
Gail Goodrich
46.3%
Assists
Jo Jo White
43.4%
Assists
Eric Snow/Aaron Mckie
42.9%
Assists
Terry Porter
42%
Assists
Kevin Porter
41.9%
Rebounds
Jack Sikma
39%
Assists
Boris Diaw
34.3%
Assists
Norm Nixon
28.4%
Assists
Derek Harper
28.2%
Points
Andrew Toney
26%
Rebounds
Jerome Kersey
22.9%
Points
Alvan Adams
20.1%
Points
Cliff Hagan
18.2%
Assists
Lionel Hollins
6.6%
Assists
Tom Henderson
4.9%
Rebounds
Marvin Webster
4.3%
Quiz Playlist
Details
Report
Send in Message
Add To Playlist
More Info:
WSB=Washington Bullets SEA=Seattle Supersonics BAL=Baltimore Bullets SFW=San Francisco Warriors STL=St Louis Hawks
Classic:
Type in answers that appear in a list
Quiz Source
Last Updated: Jun 18, 2022
Quiz Scoreboard
CHALLENGE
Sign Up to Join the Scoreboard
Show All
Scores
Hide
Comments
May contain spoilers
Recently Published
College Basketball Coaching Resumes
by pancakes188
Sports
9m
Billboard Blitz: Fleetwood Mac
by CooCooCachoo
Music
15s
Presidents Visiting Landmarks
by Hejman
History
7m
More to Explore
Quiz From the Vault
Featured Blog Post
Where Did the Easter Bunny Come From?
hide this ad
You Might Also Like...
Tags
Basketball Quiz
NBA Quiz
final
NBA Finals
NBA Player
NBA Playoffs
NBA Points
Points Leaders
PPG Leaders
rebounds
Statistical Leaders
Today's Top Quizzes in Sports
Browse Sports
hide this ad
Today's Top Quizzes in NBA
Browse NBA
Top Contributed Quizzes in Sports
1
2022 World Cup Stars
2
Les meilleurs buteurs des matchs entre le PSG et l’OM
3
FIFA Club World Cup Champions
4
Les entraîneurs de l'OM et du PSG au 21e siècle
5
Criteria MLB: Left Handed Sluggers
6
AFC Teams Reveal (Wrong Answers Minefield)
7
5-to-1: UK Sports Teams
8
5-to-1: FBS Animal Nicknames
9
2023 MLB Unique Player Accomplishments
10
Name the Premier League winners with different clubs
Explore More
Trending Topics
NBA
Anime
Marvel
Harry Potter
Crossword
Kpop
Disney
WWE
Song
NFL
Pokémon
The Office
Puzzle
Country
Soccer
hide this ad
More By:
applesauceable
Quiz
Plays
Rating
Category
Featured
Created
NBA Finals Leaders by Year
4,075
5.00
Sports
Jan 26, 2013
NBA 2015-16 Team Leaders
3,949
4.60
Sports
Apr 24, 2016
2011-12 NBA Daily Assist Leaders
3,403
4.40
Sports
May 8, 2012
NBA Finals Players (2010s)
2,597
4.93
Sports
Jun 18, 2019
Golf: All 4 Cuts at Majors 2018
2,235
5.00
Sports
Nov 21, 2018
Go to Creator's Profile
Score Distribution
Quiz Creator Spotlight
applesauceable
Follow
Send a Message
Quizzes Created
-
Created Quiz Play Count
-
More By This Creator
Popular Quizzes Today
1
Find the US States - No Outlines Minefield
2
Find the Countries of Europe - No Outlines Minefield
3
The Countries of the World
4
Find the US States
5
Risky Map Clicking: Biggest States A-Z
6
US States
7
Popular People in 1961
8
Movies - When Are They Set?
More Sports Quizzes
MLB National League MVP Runners-Up (1930s)
Quiz Lab
Trending Quizzes
Risky Map Clicking: Least Populous States A-Z
1-10 Letter G Words
1-10 Letter F Words
Risky Map Clicking: Next State Alphabetically
Risky Map Clicking: Biggest States A-Z
Recently Updated
Leaping Animals
pecheneg
Reality TV Shows (A-Z)
bhenderson79
Rickey Henderson's Hall of Fame Teammates
pecheneg
Champions League XIs: Arsenal
pecheneg
Quick Pick: Celebrities in WWE's Hall of Fame
aduchscher
A-Z Keypad Blitz II
pecheneg
Multiple Oscar Actors
pecheneg
Mystery Phrase Blitz: Oscar 'Best Actors'
pecheneg
F. Scott Fitzgerald Novels
LTH
Pick 3 Villains
ddd62291
Trending Topics
NBA
Marvel
Crossword
Anime
Harry Potter
Kpop
Disney
Soccer
Country
Puzzle
NFL
Song
The Office
WWE
Pokémon
Your Account Isn't Verified!
In order to create a playlist on Sporcle, you need to verify the email address you used during registration. Go to your
Sporcle Settings
to finish the process.
Report this User
Report this user for behavior that violates our
Community Guidelines
.
Details:
Send Report
Go to the Sporcle.com Mobile Site →
Comments